000 01778nam0a2200325 4500
001 RU\NLR\bibl\1205099
005 20260408081056.0
010 _a978-5-901496-20-6
_9500
021 _aRU
_b2008-21226
_91165
035 _a(NLR Aleph) 001191576
090 _a1720673
_c1720673
100 _a20080326d2007 |||y0rusy50 ca
101 0 _arus
102 _aRU
105 _aa |||||||||
200 1 _aРасследование пожаров
_e[учебник
_eдля учащихся высших учебных заведений пожарно-технического профиля]
_fВ.С. Артамонов, В.П. Белобратова, Ю.Н. Бельшина [и др.]
_gМЧС России, С.-Петерб. ун-т, Гос. противопожар. службы
210 _aСанкт-Петербург
_cСанкт-Петербургский университет Государственной противопожарной службы
_d2007
215 _a544 с.
_cил.
_d21
320 _aБиблиогр.: с. 544 (16 назв.)
606 1 _aПожары
_jУчебники для высших учебных заведений
_xРасследование
_xПравовые вопросы
_yРоссийская Федерация
_92407169
_3RU\NLR\auth\661434506
686 _aХ629.432.0я73
701 1 _aАртамонов
_bВ. С.
_4070
701 1 _aБелобратова
_bВ. П.
_4070
701 1 _aБельшина
_bЮ. Н.
_4070
712 0 2 _4570
_aСанкт-Петербургский университет государственной противопожарной службы
_3RU\NLR\AUTH\8810112949
_9725524
801 0 _aRU
_bNLR
_c20080326
_gRCR
801 1 _aRU
_bNLR
_c20080326
942 _cBOOK
980 _aNB